Pokemon Starters, Pseudos, Legendaries, Mythicals, and Ultra Beasts - Statistics

General Stats
  • This quiz has been taken 22 times
    15 since last reset
  • The average score is 65 of 217
Answer Stats
Gen Type Answer % Correct
1 Water Blastoise
100%
1 Grass/Poison Bulbasaur
100%
1 Fire/Flying Charizard
100%
1 Fire Charmander
100%
1 Fire Charmeleon
100%
1 Grass/Poison Ivysaur
100%
1 Electric Pikachu
100%
1 Water Squirtle
100%
1 Grass/Poison Venusaur
100%
1 Water Wartortle
100%
1 Ice/Flying Articuno
67%
2 Fire Cyndaquil
67%
1 Dragon Dragonair
67%
1 Dragon/Flying Dragonite
67%
1 Dragon Dratini
67%
1 Psychic Mew
67%
1 Pyschic Mewtwo
67%
1 Fire/Flying Moltres
67%
2 Fire Quilava
67%
1 Electric/Flying Zapdos
67%
4 Normal Arceus
33%
4 Psychic Azelf
33%
3 Dragon Bagon
33%
8 Dragon/Ice Baxcalibur
33%
2 Grass Bayleef
33%
3 Steel/Psychic Beldum
33%
3 Fire/Fighting Blaziken
33%
6 Fire Braixen
33%
7 Water Brionne
33%
7 Bug/Fight Buzzwole
33%
2 Psychic/Grass Celebi
33%
6 Grass/Fighting Chesnaught
33%
6 Grass Chespin
33%
2 Grass Chikorita
33%
4 Fire Chimchar
33%
5 Steel/Fight Cobalion
33%
3 Fire/Fighting Combusken
33%
4 Psychic Cresselia
33%
2 Water Croconaw
33%
4 Dark Darkrai
33%
7 Grass/Flying Dartrix
33%
7 Grass/Flying Decidueye
33%
5 Dark/Dragon Deino
33%
6 Fire/Psychic Delphox
33%
3 Psychic Deoxys
33%
5 Water Dewott
33%
4 Steel/Dragon Dialga
33%
6 Rock/Fairy Diancie
33%
8 Dragon/Ghost Dragapult
33%
5 Fire/Fighting Emboar
33%
4 Water/Steel Empoleon
33%
8 Fairy/Flying Enamorus
33%
2 Fire Entei
33%
8 Poison/Dragon Eternatus
33%
6 Fire Fennekin
33%
2 Water Feraligatr
33%
6 Water Froakie
33%
6 Water Frogadier
33%
4 Dragon/Ground Gabite
33%
4 Dragon/Ground Garchomp
33%
5 Bug/Steel Genesect
33%
4 Dragon/Ground Gible
33%
4 Ghost/Dragon Giratina
33%
6 Dragon Goodra
33%
6 Dragon Goomy
33%
6 Water/Dark Greninja
33%
4 Grass Grotle
33%
3 Ground Groudon
33%
3 Grass Grovyle
33%
7 Dark/Dragon Guzzlord
33%
4 Fire/Steel Heatran
33%
2 Fire/Flying Ho-oh
33%
6 Psychic/Ghost Hoopa
33%
5 Dark/Dragon Hydreigon
33%
7 Fire/Dark Incineroar
33%
4 Fire/Fighting Infernape
33%
3 Steel/Psychic Jirachi
33%
7 Grass/Steel Kartana
33%
5 Water/Fighting Keldeo
33%
7 Dragon/Fighting Kommo-o
33%
8 Fighting/Dragon Koraidon
33%
3 Water Kyogre
33%
5 Dragon/Ice Kyurem
33%
5 Ground/Flying Landorus
33%
2 Rock/Ground Larvitar
33%
3 Dragon/Psychic Latias
33%
3 Dragon/Psychic Latios
33%
7 Fire Litten
33%
2 Psychic/Flying Lugia
33%
7 Psychic/Ghost Lunala
33%
4 Water Manaphy
33%
3 Water/Ground Marshtomp
33%
2 Grass Meganium
33%
7 Steel Melmetal
33%
5 Normal/Psychic Meloetta
33%
7 Steel Meltan
33%
4 Psychic Mesprit
33%
3 Steel/Psychic Metagross
33%
3 Steel/Psychic Metang
33%
8 Electric/Dragon Miraidon
33%
4 Fire/Fighting Monferno
33%
3 Water Mudkip
33%
7 Psychic Necrozma
33%
5 Water Oshawott
33%
4 Water/Dragon Palkia
33%
4 Water Phione
33%
5 Fire/Fighting Pignite
33%
4 Water Piplup
33%
7 Water Popplio
33%
7 Water/Fairy Primarina
33%
4 Water Prinplup
33%
2 Rock/Ground Pupitar
33%
6 Grass Quilladin
33%
2 Electric Raikou
33%
3 Dragon/Flying Rayquaza
33%
3 Ice Regice
33%
8 Dragon Regidrago
33%
8 Electric Regieleki
33%
4 Normal Regigigas
33%
3 Rock Regirock
33%
3 Steel Registeel
33%
5 Dragon/Fire Reshiram
33%
7 Grass/Flying Rowlet
33%
3 Dragon/Flying Salamence
33%
5 Water Samurott
33%
3 Grass Sceptile
33%
5 Grass Serperior
33%
5 Grass Servine
33%
4 Grass Shaymin
33%
3 Dragon Shelgon
33%
6 Dragon Sliggoo
33%
5 Grass Snivy
33%
7 Psychic/Steel Solgaleo
33%
7 Rock/Steel Stakataka
33%
2 Water Suicune
33%
3 Water/Ground Swampert
33%
7 Grass/Fairy Tapu Bulu
33%
7 Water/Fairy Tapu Fini
33%
7 Electric/Fairy Tapu Koko
33%
7 Psychic/Fairy Tapu Lele
33%
5 Fire Tepig
33%
5 Rock/Fight Terrakion
33%
5 Electric/Flying Thundurus
33%
3 Fire Torchic
33%
5 Flying Tornadus
33%
7 Fire Torracat
33%
4 Grass/Ground Torterra
33%
2 Water Totodile
33%
3 Grass Treecko
33%
4 Grass Turtwig
33%
2 Fire Typhlosion
33%
2 Rock/Dark Tyranitar
33%
4 Psychic Uxie
33%
5 Psychic/Fire Victini
33%
5 Grass/Fight Virizion
33%
6 Fire/Water Volcanion
33%
6 Fairy Xerneas
33%
7 Electric Xurkitree
33%
6 Dark/Flying Yveltal
33%
8 Fairy Zacian
33%
8 Fighting Zamazenta
33%
5 Dragon/Electric Zekrom
33%
5 Dark/Dragon Zweilous
33%
6 Dragon/Ground Zygarde
33%
8 Dragon/Ice Arctibax
0%
7 Fire/Ghost Blacephalon
0%
8 Psychic/Grass Calyrex
0%
7 Steel/Flying Celesteela
0%
8 Dark/Ice Chien-Pao
0%
8 Dark/Fire Chi-Yu
0%
8 Fire Cinderace
0%
7 Psychic Cosmoem
0%
7 Psychic Cosmog
0%
8 Fire Crocalor
0%
8 Dragon/Ghost Drakloak
0%
8 Dragon/Ghost Dreepy
0%
8 Water Drizzile
0%
8 Poison/Fairy Fezandipiti
0%
8 Grass Floragato
0%
8 Dragon/Ice Frigibax
0%
8 Fire Fuecoco
0%
8 Ice Glastrier
0%
8 Grass Grookey
0%
7 Dragon/Fighting Hakamo-o
0%
8 Water Inteleon
0%
7 Dragon Jangmo-o
0%
8 Fight Kubfu
0%
7 Steel/Fairy Magearna
0%
7 Fight/Ghost Marshadow
0%
8 Grass/Dark Meowscarada
0%
8 Poison/Psychic Munkidori
0%
7 Poison/Dragon Naganadel
0%
7 Rock/Poison Nihilego
0%
8 Grass Ogerpon
0%
8 Poison/Fighting Okidogi
0%
8 Poison/Ghost Pecharunt
0%
7 Bug/Fight Pheromosa
0%
7 Poison Poipole
0%
8 Water/Fighting Quaquaval
0%
8 Water Quaxly
0%
8 Water Quaxwell
0%
8 Fire Raboot
0%
8 Grass Rillaboom
0%
8 Fire Scorbunny
0%
7 Normal Silvally
0%
8 Fire/Ghost Skeledirge
0%
8 Water Sobble
0%
8 Ghost Spectrier
0%
8 Grass Sprigatito
0%
8 Normal Terapagos
0%
8 Grass Thwackey
0%
8 Dark/Ground Ting-Lu
0%
7 Normal Type: Null
0%
8 Fight/Dark Urshifu
0%
8 Dark/Grass Wo-Chien
0%
8 Dark/Grass Zarude
0%
7 Electric Zeraora
0%
No matching quizzes found
Score Distribution
Percent of People with Each Score
Percentile by Number Answered
Your Score History
You have not taken this quiz since the last reset